[Event "Arctic Chess Challenge"]
[Site "Tromsoe"]
[Date "2009.08.08"]
[Round "8"]
[White "Hagen, Anders Gjerdrum"]
[Black "Tikkanen, Kari"]
[Result "1/2-1/2"]
[WhiteElo "2132"]
[BlackElo "2283"]
[PlyCount "47"]
[EventDate "2009.08.01"]
[EventType "swiss"]
[EventRounds "9"]
[EventCountry "NOR"]
[SourceTitle "CBM 131 Extra"]
[Source "ChessBase"]
[SourceDate "2009.09.03"]
[SourceVersion "2"]
[SourceVersionDate "2009.09.16"]
[SourceQuality "1"]

1. d4 d5 2. Nf3 Nf6 3. c4 c6 4. Nc3 a6 5. e3 b5 6. c5 g6 7. Qb3 Bg7 8. a4 Bb7 9. axb5 axb5 10. Rxa8 Bxa8 11. Ne5 0-0 12. Be2 Nfd7 13. f4 Nxe5 14. fxe5 Bb7 15. 0-0 Na6 16. e4 dxe4 17. Be3 Bc8 18. Nxe4 Be6 19. Qa3 Nc7 20. Bf2 Qa8 21. Ra1 Qxa3 22. Rxa3 Ra8 23. Rxa8+ Nxa8 24. Nc3 1/2-1/2

[Event "Arctic Chess Challenge"]
[Site "Tromsoe"]
[Date "2009.08.07"]
[Round "7"]
[White "Tikkanen, Kari"]
[Black "Thingstad, Even"]
[Result "1/2-1/2"]
[WhiteElo "2283"]
[BlackElo "2058"]
[PlyCount "89"]
[EventDate "2009.08.01"]
[EventType "swiss"]
[EventRounds "9"]
[EventCountry "NOR"]
[SourceTitle "CBM 131 Extra"]
[Source "ChessBase"]
[SourceDate "2009.09.03"]
[SourceVersion "2"]
[SourceVersionDate "2009.09.16"]
[SourceQuality "1"]

1. d4 Nf6 2. Nf3 e6 3. e3 b6 4. Bd3 c5 5. 0-0 Be7 6. Nbd2 0-0 7. Qe2 Bb7 8. c3 cxd4 9. exd4 d6 10. a4 a6 11. Nc4 Qc7 12. Bf4 Nbd7 13. h3 Rfc8 14. Ncd2 Nd5 15. Bh2 N7f6 16. Ng5 h6 17. Nge4 Nxe4 18. Nxe4 Nf6 19. Rfe1 Nxe4 20. Bxe4 Bxe4 21. Qxe4 Qd7 22. Bf4 d5 23. Qd3 Bd6 24. Bxd6 Qxd6 25. Ra3 Rc4 26. Rea1 Rac8 27. Rb3 Qc6 28. Rba3 Qd6 29. Rb3 Qc6 30. Rba3 b5 31. axb5 axb5 32. Ra6 Qc7 33. Qf3 Qb8 34. Ra7 R4c7 35. Rxc7 Qxc7 36. Qd3 b4 37. Rc1 Qc4 38. Qxc4 Rxc4 39. Kf1 bxc3 40. bxc3 Ra4 41. Ke2 Kh7 42. Kd3 Kg6 43. c4 dxc4+ 44. Rxc4 Ra2 45. Ke3 1/2-1/2

[Event "Arctic Chess Challenge"]
[Site "Tromsoe"]
[Date "2009.08.05"]
[Round "5"]
[White "Tikkanen, Kari"]
[Black "Andreassen, Arnold"]
[Result "1-0"]
[WhiteElo "2283"]
[BlackElo "2074"]
[PlyCount "105"]
[EventDate "2009.08.01"]
[EventType "swiss"]
[EventRounds "9"]
[EventCountry "NOR"]
[SourceTitle "CBM 131 Extra"]
[Source "ChessBase"]
[SourceDate "2009.09.03"]
[SourceVersion "2"]
[SourceVersionDate "2009.09.16"]
[SourceQuality "1"]

1. d4 Nf6 2. Nf3 g6 3. Bg5 Bg7 4. c3 d5 5. Nbd2 0-0 6. e3 b6 7. b4 c5 8. bxc5 bxc5 9. Bd3 Qa5 10. Qc2 c4 11. Be2 Bf5 12. Qc1 Nbd7 13. a4 h6 14. Bh4 g5 15. Bg3 Ne4 16. Nxe4 Bxe4 17. 0-0 Rfc8 18. Re1 Rc6 19. Bd1 e6 20. Re2 Rac8 21. Rb2 Rb6 22. Rb5 Qa6 23. h3 Rcc6 24. Kh2 Qb7 25. Nd2 Bd3 26. f3 a6 27. Rxb6 Rxb6 28. Ra2 a5 29. Bc2 Bxc2 30. Qxc2 Nf6 31. Be5 Nh5 32. Bxg7 Kxg7 33. Kg1 Qb8 34. Qc1 f5 35. Qa3 Ng3 36. Kf2 f4 37. exf4 gxf4 38. Qe7+ Kg6 39. h4 Nf5 40. h5+ Kxh5 41. Qf7+ Kg5 42. Ra1 Qh8 43. Re1 Qg7 44. Qe8 Rb2 45. Re2 Qg6 46. Ne4+ dxe4 47. Qxg6+ Kxg6 48. Rxb2 e3+ 49. Kf1 Kg5 50. Rb5 Kh4 51. Rxa5 h5 52. Rxf5 exf5 53. a5 1-0

[Event "IECG WC.2006.T.00001 email"]
[Site "IECG email"]
[Date "2006.02.07"]
[Round "?"]
[White "Schuster, Peter"]
[Black "Tikkanen, Kari"]
[Result "1/2-1/2"]
[WhiteElo "2415"]
[BlackElo "2494"]
[PlyCount "101"]
[EventDate "2006.02.07"]
[EventType "tourn (corr)"]
[EventRounds "6"]
[SourceTitle "Corr 2008"]
[Source "ChessBase"]
[SourceDate "2008.06.24"]
[SourceVersion "1"]
[SourceVersionDate "2008.06.24"]
[SourceQuality "1"]

1. e4 c6 2. d4 d5 3. exd5 cxd5 4. c4 Nf6 5. Nc3 e6 6. Nf3 Bb4 7. cxd5 Nxd5 8. Bd2 Nc6 9. Bd3 0-0 10. 0-0 Be7 11. Nxd5 Qxd5 12. Re1 Nxd4 13. Nxd4 Qxd4 14. Bc3 Qh4 15. Re3 g6 16. g3 Qg5 17. Re5 Qh6 18. Qf3 Rd8 19. Rb5 Qf8 20. Be4 Rd7 21. Rc1 a6 22. Rb3 Qd8 23. h4 Ra7 24. Be5 Bd6 25. Rbc3 Ra8 26. Qf4 Bxe5 27. Qxe5 Rd4 28. Bf3 f6 29. Qc7 Qxc7 30. Rxc7 Bd7 31. Rxb7 Rd8 32. Rcc7 a5 33. Bc6 Bxc6 34. Rxc6 Rb4 35. Ra7 Rxb2 36. Rxe6 f5 37. Ree7 f4 38. Rg7+ Kh8 39. Rxh7+ Kg8 40. Rhg7+ Kh8 41. gxf4 Rxa2 42. Rxg6 Rf8 43. Re6 Kg8 44. h5 Rxf4 45. Re8+ Rf8 46. Ree7 Rf6 47. h6 Ra1+ 48. Kg2 Rg6+ 49. Kf3 Kh8 50. Rf7 Rag1 51. Rf8+ 1/2-1/2

[Event "IECG WC.2006.T.00001 email"]
[Site "IECG email"]
[Date "2006.02.07"]
[Round "?"]
[White "Skeels, James B"]
[Black "Tikkanen, Kari"]
[Result "0-1"]
[WhiteElo "2327"]
[BlackElo "2494"]
[PlyCount "82"]
[EventDate "2006.02.07"]
[EventType "tourn (corr)"]
[EventRounds "6"]
[SourceTitle "Corr 2008"]
[Source "ChessBase"]
[SourceDate "2008.06.24"]
[SourceVersion "1"]
[SourceVersionDate "2008.06.24"]
[SourceQuality "1"]

1. Nf3 d6 2. d4 g6 3. c4 f5 4. g3 Nf6 5. b4 Bg7 6. Bb2 e5 7. dxe5 Nfd7 8. Bg2 Nc6 9. 0-0 0-0 10. Qd2 Ndxe5 11. Na3 a6 12. Ng5 Qf6 13. f4 h6 14. Bd5+ Kh8 15. Nf7+ Rxf7 16. Bxf7 Qxf7 17. fxe5 dxe5 18. b5 Nd4 19. e3 Ne6 20. e4 Ng5 21. exf5 gxf5 22. Rae1 Qe7 23. Qd5 Ne4 24. Re3 axb5 25. cxb5 c6 26. bxc6 Be6 27. Qb5 bxc6 28. Qxc6 Rb8 29. Bc1 Ng5 30. Rd3 Nh3+ 31. Kg2 f4 32. Rd6 Bf5 33. Re1 Kh7 34. Qc5 Qb7+ 35. Qc6 Qa7 36. Rd2 e4 37. g4 f3+ 38. Kxh3 f2 39. Nc2 fxe1Q 40. Nxe1 Qe3+ 41. Kg2 Rc8 0-1

[Event "Skelleftea Solett op"]
[Site "Skelleftea"]
[Date "2001.04.13"]
[Round "5"]
[White "Tikkanen, Kari"]
[Black "Rustemov, Alexander"]
[Result "0-1"]
[WhiteElo "2290"]
[BlackElo "2625"]
[PlyCount "52"]
[EventDate "2001.04.10"]
[EventType "swiss"]
[EventRounds "9"]
[EventCountry "SWE"]
[SourceTitle "CBM 081 Extra"]
[Source "ChessBase"]
[SourceDate "2001.05.06"]
[SourceVersion "1"]
[SourceVersionDate "2001.05.06"]
[SourceQuality "1"]

1. d4 d5 2. Nf3 Nf6 3. c3 g6 4. Bg5 Bg7 5. Nbd2 Nbd7 6. h3 0-0 7. e3 Re8 8. Bf4 c5 9. b4 c4 10. Be2 a5 11. a3 b5 12. Ne5 Nxe5 13. Bxe5 Bb7 14. 0-0 Ra6 15. a4 axb4 16. cxb4 bxa4 17. Rxa4 Qa8 18. Rxa6 Qxa6 19. Qc2 Ra8 20. Bc7 Qa2 21. Rc1 Qxc2 22. Rxc2 Ra1+ 23. Kh2 Ne8 24. Bb6 Bc6 25. Bf3 Ba4 26. Rc3 e6 0-1

[Event "FIN-chT 9900"]
[Site "Finland"]
[Date "2000.??.??"]
[Round "8.4"]
[White "Puranen, Jukka"]
[Black "Tikkanen, Kari"]
[Result "1/2-1/2"]
[WhiteElo "2294"]
[BlackElo "2332"]
[PlyCount "50"]
[EventDate "1999.??.??"]
[EventType "team-tourn"]
[EventRounds "9"]
[EventCountry "FIN"]
[SourceTitle "EXT 2001"]
[Source "ChessBase"]
[SourceDate "2000.11.22"]
[SourceVersion "1"]
[SourceVersionDate "2000.11.22"]
[SourceQuality "1"]
[WhiteTeam "Vantaa EtVaS"]
[BlackTeam "Kuopio KSY"]
[WhiteTeamCountry "FIN"]
[BlackTeamCountry "FIN"]

1. d4 d5 2. Nf3 Nf6 3. e3 e6 4. Bd3 Be7 5. 0-0 0-0 6. Nbd2 b6 7. b3 Bb7 8. Ne5 Nfd7 9. f4 f5 10. g4 Nxe5 11. fxe5 g6 12. Qe2 c5 13. Bb2 Nc6 14. a3 Rf7 15. Rf2 Bf8 16. Raf1 cxd4 17. exd4 Bh6 18. gxf5 gxf5 19. Rg2+ Rg7 20. Rxg7+ Kxg7 21. Nf3 Qe7 22. Rf2 Kh8 23. Rg2 Rg8 24. Rxg8+ Kxg8 25. Qg2+ Qg7 1/2-1/2

[Event "Skelleftea op"]
[Site "Skelleftea"]
[Date "2000.??.??"]
[Round "4"]
[White "Tikkanen, Kari"]
[Black "Wikstrom, Per"]
[Result "1/2-1/2"]
[WhiteElo "2292"]
[BlackElo "2244"]
[PlyCount "95"]
[EventDate "2000.??.??"]
[EventType "swiss"]
[EventRounds "9"]
[EventCountry "SWE"]
[SourceTitle "EXT 2001"]
[Source "ChessBase"]
[SourceDate "2000.11.22"]
[SourceVersion "1"]
[SourceVersionDate "2000.11.22"]
[SourceQuality "1"]

1. d4 d5 2. Nf3 c6 3. e3 Nf6 4. Bd3 Bg4 5. c4 e6 6. 0-0 Nbd7 7. Nbd2 dxc4 8. Nxc4 b5 9. Ncd2 Bd6 10. b3 0-0 11. Bb2 Qe7 12. Qc2 Bxf3 13. Nxf3 Rac8 14. Ne5 c5 15. Qe2 b4 16. Nxd7 Qxd7 17. e4 Bb8 18. d5 Qe7 19. dxe6 fxe6 20. Bc4 Kh8 21. f4 e5 22. f5 Rcd8 23. Rad1 Qb7 24. Rxd8 Rxd8 25. Rd1 Qe7 26. Rd3 Rd6 27. h3 h6 28. Kf2 Qb7 29. Rxd6 Bxd6 30. Kf3 Kh7 31. Be6 Qe7 32. g4 Kh8 33. h4 g5 34. Qh2 Qb7 35. Bd5 Qa6 36. Bc4 Qb7 37. Bd3 Qg7 38. Bc1 Nh7 39. h5 Nf6 40. Qc2 Qf7 41. Bc4 Qb7 42. Qd3 Qc6 43. Bd5 Qb6 44. Bd2 c4 45. Qxc4 Qg1 46. Qc8+ Kg7 47. Qb7+ Kh8 48. Qc8+ 1/2-1/2

[Event "VAM Hoogeveen op"]
[Site "Hoogeveen"]
[Date "1999.10.18"]
[Round "4"]
[White "Porrasmaa, Timo"]
[Black "Tikkanen, Kari"]
[Result "1/2-1/2"]
[WhiteElo "2152"]
[BlackElo "2332"]
[PlyCount "26"]
[EventDate "1999.10.15"]
[EventType "swiss"]
[EventRounds "9"]
[EventCountry "NED"]
[SourceTitle "EXT 2000"]
[Source "ChessBase"]
[SourceDate "1999.11.16"]
[SourceVersion "1"]
[SourceVersionDate "1999.11.16"]
[SourceQuality "1"]

1. e4 e5 2. Nc3 Nf6 3. f4 d5 4. fxe5 Nxe4 5. d3 Bb4 6. dxe4 Qh4+ 7. Ke2 Bxc3 8. bxc3 Bg4+ 9. Nf3 dxe4 10. Qd4 Bh5 11. Ke3 Bxf3 12. gxf3 Qe1+ 13. Kf4 Qh4+ 1/2-1/2

[Event "Heart of Finland op 09th"]
[Site "Jyvaskyla"]
[Date "1999.??.??"]
[Round "?"]
[White "Lahtinen, Markku"]
[Black "Tikkanen, Kari"]
[Result "1/2-1/2"]
[WhiteElo "2227"]
[BlackElo "2332"]
[PlyCount "32"]
[EventDate "1999.07.??"]
[EventType "swiss"]
[EventRounds "9"]
[EventCountry "FIN"]
[SourceTitle "EXT 2001"]
[Source "ChessBase"]
[SourceDate "2000.11.22"]
[SourceVersion "1"]
[SourceVersionDate "2000.11.22"]
[SourceQuality "1"]

1. e4 c6 2. d4 d5 3. exd5 cxd5 4. c4 Nf6 5. Nc3 Nc6 6. Nf3 Bg4 7. cxd5 Nxd5 8. Qb3 Bxf3 9. gxf3 e6 10. Qxb7 Nxd4 11. Bb5+ Nxb5 12. Qc6+ Ke7 13. Qxb5 Qd7 14. Bg5+ f6 15. Nxd5+ Qxd5 16. Qxd5 exd5 1/2-1/2

[Event "Heart of Finland op 09th"]
[Site "Jyvaskyla"]
[Date "1999.??.??"]
[Round "?"]
[White "Paakkonen, Timo"]
[Black "Tikkanen, Kari"]
[Result "1/2-1/2"]
[WhiteElo "2167"]
[BlackElo "2332"]
[PlyCount "21"]
[EventDate "1999.07.??"]
[EventType "swiss"]
[EventRounds "9"]
[EventCountry "FIN"]
[SourceTitle "EXT 2001"]
[Source "ChessBase"]
[SourceDate "2000.11.22"]
[SourceVersion "1"]
[SourceVersionDate "2000.11.22"]
[SourceQuality "1"]

1. g3 d5 2. Bg2 Nf6 3. Nf3 c6 4. b3 Bg4 5. Bb2 Nbd7 6. d3 e6 7. Nbd2 Bc5 8. 0-0 0-0 9. c4 a5 10. a3 b5 11. Qc2 1/2-1/2

[Event "FIN-chT 9900"]
[Site "Finland"]
[Date "1999.??.??"]
[Round "?"]
[White "Sammalvuo, Tapani"]
[Black "Tikkanen, Kari"]
[Result "0-1"]
[WhiteElo "2393"]
[BlackElo "2332"]
[PlyCount "199"]
[EventDate "1999.??.??"]
[EventType "team-tourn"]
[EventRounds "9"]
[EventCountry "FIN"]
[SourceTitle "EXT 2001"]
[Source "ChessBase"]
[SourceDate "2000.11.22"]
[SourceVersion "1"]
[SourceVersionDate "2000.11.22"]
[SourceQuality "1"]
[WhiteTeam "Helsinki Garde"]
[BlackTeam "Kuopio KSY"]
[WhiteTeamCountry "FIN"]
[BlackTeamCountry "FIN"]

1. Nf3 Nf6 2. c4 e6 3. Nc3 Bb4 4. Qc2 c5 5. a3 Bxc3 6. Qxc3 0-0 7. g3 b6 8. Bg2 Bb7 9. 0-0 a5 10. b3 d6 11. Bb2 Nbd7 12. d3 Qe7 13. e4 Rfd8 14. Rae1 Ne8 15. d4 f6 16. Nh4 Nf8 17. f4 Qf7 18. Nf3 Qc7 19. d5 e5 20. h4 a4 21. b4 cxb4 22. axb4 Ba6 23. b5 a3 24. Ba1 Bc8 25. f5 Ra4 26. Nd2 Bd7 27. Kh2 Rc8 28. Qb3 Qa7 29. Bc3 a2 30. Ra1 Ra8 31. Bb4 Bc8 32. Bf3 Qc7 33. Bd1 R4a7 34. Rf3 Nd7 35. Qb2 Nc5 36. Ba3 Ra5 37. Bc2 g6 38. g4 Qg7 39. Bb4 R5a7 40. Bb3 Qh6 41. Kh3 Ng7 42. Bxc5 dxc5 43. Rxa2 g5 44. Kg2 Qxh4 45. Rg3 Ne8 46. Rxa7 Rxa7 47. Bd1 Qh6 48. Ra3 Qg7 49. Be2 Nd6 50. Qa1 Rxa3 51. Qxa3 Qb7 52. Kf3 Qb8 53. Nb1 Bb7 54. Nc3 Kf7 55. Qa1 Qa8 56. Qb2 Qa5 57. Ke3 Bc8 58. Kd3 Bd7 59. Bd1 Kg7 60. Be2 Be8 61. Kc2 Kf8 62. Kb1 Ke7 63. Qb3 Bf7 64. Kb2 Be8 65. Bd1 Bf7 66. Kc2 Be8 67. Be2 Bf7 68. Kd3 Be8 69. Qb2 Bf7 70. Nb1 Be8 71. Nd2 Nf7 72. Nf3 Bd7 73. Ke3 Qa4 74. Qc3 Qa2 75. Ne1 Nd6 76. Nc2 Qb1 77. Qd3 Qg1+ 78. Kf3 h5 79. Ne3 h4 80. Bf1 Qg3+ 81. Ke2 h3 82. Nd1 Qxg4+ 83. Ke1 h2 84. Nf2 Qg1 85. Qh3 Nxe4 86. d6+ Nxd6 87. Qh7+ Kd8 88. Qh8+ Kc7 89. Ke2 Bxf5 90. Qxf6 Qxf2+ 91. Kxf2 Ne4+ 92. Kg2 Nxf6 93. Kxh2 Ne4 94. Kg2 Nd6 95. Kf3 g4+ 96. Ke3 Be6 97. Be2 Bxc4 98. Bxg4 Bxb5 99. Be6 Bc4 100. Bg4 0-1

[Event "Heart of Finland op 09th"]
[Site "Jyvaskyla"]
[Date "1999.??.??"]
[Round "?"]
[White "Tikkanen, Kari"]
[Black "Parkkinen, Jyrki"]
[Result "1/2-1/2"]
[WhiteElo "2332"]
[BlackElo "2146"]
[PlyCount "51"]
[EventDate "1999.07.??"]
[EventType "swiss"]
[EventRounds "9"]
[EventCountry "FIN"]
[SourceTitle "EXT 2001"]
[Source "ChessBase"]
[SourceDate "2000.11.22"]
[SourceVersion "1"]
[SourceVersionDate "2000.11.22"]
[SourceQuality "1"]

1. d4 Nc6 2. Nf3 d5 3. Bf4 Bg4 4. e3 Nf6 5. h3 Bh5 6. c4 e6 7. Nc3 Bb4 8. Qb3 0-0 9. Ne5 Bxc3+ 10. bxc3 Na5 11. Qb2 c6 12. f3 dxc4 13. e4 b5 14. h4 Bg6 15. g4 Nxe4 16. fxe4 Bxe4 17. Bg2 Bxg2 18. Qxg2 Rc8 19. g5 b4 20. Qd2 f6 21. Ng4 bxc3 22. Qe3 e5 23. dxe5 fxe5 24. Nxe5 Qd5 25. 0-0 c2 26. Qc3 1/2-1/2

[Event "FIN-chT 9798"]
[Site "Finland"]
[Date "1998.??.??"]
[Round "6"]
[White "Sorri, Kari Juhani"]
[Black "Tikkanen, Kari"]
[Result "1/2-1/2"]
[WhiteElo "2305"]
[BlackElo "2300"]
[PlyCount "128"]
[EventDate "1997.??.??"]
[EventType "team"]
[EventRounds "9"]
[EventCountry "FIN"]
[SourceTitle "EXT 2000"]
[Source "ChessBase"]
[SourceDate "1999.11.16"]
[SourceVersion "1"]
[SourceVersionDate "1999.11.16"]
[SourceQuality "1"]

1. e4 c6 2. d4 d5 3. Nc3 dxe4 4. Nxe4 Nd7 5. Bc4 Ngf6 6. Ng5 e6 7. Qe2 Nb6 8. Bb3 a5 9. a4 h6 10. N5f3 c5 11. Bf4 Bd6 12. Bg3 0-0 13. Ne5 cxd4 14. Ngf3 Bb4+ 15. Kf1 Bc5 16. h4 Nh5 17. Bh2 Nd5 18. g4 Nhf4 19. Bxf4 Nxf4 20. Qd2 Ng6 21. g5 h5 22. Qd3 b6 23. Nxg6 Ba6 24. Bc4 Bxc4 25. Qxc4 fxg6 26. Qxe6+ Kh7 27. Ne5 Qd6 28. Qxd6 Bxd6 29. Nc4 Bc5 30. Rh2 Rad8 31. Rd1 Rf4 32. Ne5 d3 33. Nxd3 Rxa4 34. Rh3 Rdd4 35. f4 Bd6 36. c3 Rd5 37. Ke2 Bxf4 38. Nxf4 Re4+ 39. Kf3 Rxf4+ 40. Kxf4 Rxd1 41. b3 Kg8 42. Ke5 Kf7 43. c4 Ke7 44. b4 axb4 45. Rb3 Kd7 46. Rxb4 Kc6 47. Ra4 Kb7 48. Rb4 Kc6 49. Ra4 Re1+ 50. Kf4 Re7 51. Rb4 Re8 52. Rb5 Re6 53. Kf3 Re1 54. Rb4 Rh1 55. Kg3 Rg1+ 56. Kh3 Rg4 57. Ra4 Kb7 58. Rb4 Kc7 59. Ra4 Kb7 60. Rb4 Re4 61. Kg3 Re3+ 62. Kf2 Re4 63. Kg3 Kc7 64. Ra4 b5 1/2-1/2

[Event "FIN-chT 9899"]
[Site "Finland"]
[Date "1998.??.??"]
[Round "1"]
[White "Tikkanen, Kari"]
[Black "Franssila, Tommi"]
[Result "1/2-1/2"]
[WhiteElo "2335"]
[BlackElo "2225"]
[PlyCount "37"]
[EventDate "1998.??.??"]
[EventType "team-tourn"]
[EventRounds "9"]
[EventCountry "FIN"]
[SourceTitle "EXT 2000"]
[Source "ChessBase"]
[SourceDate "1999.11.16"]
[SourceVersion "1"]
[SourceVersionDate "1999.11.16"]
[SourceQuality "1"]
[WhiteTeam "Kuopio KSY"]
[BlackTeam "Jyvaskyla JyS"]
[WhiteTeamCountry "FIN"]
[BlackTeamCountry "FIN"]

1. d4 Nf6 2. Nf3 g6 3. Bg5 Bg7 4. Nbd2 d6 5. c3 0-0 6. e3 Nbd7 7. Bc4 b6 8. 0-0 Bb7 9. a4 a6 10. h3 c5 11. b4 cxb4 12. cxb4 d5 13. Bd3 Ne4 14. Bf4 f6 15. Nxe4 dxe4 16. Bc4+ Kh8 17. Nd2 f5 18. Be6 Nf6 19. Be5 1/2-1/2

[Event "FIN-chT 9899"]
[Site "Finland"]
[Date "1998.??.??"]
[Round "5"]
[White "Tikkanen, Kari"]
[Black "Kokkila, Tero"]
[Result "1/2-1/2"]
[WhiteElo "2335"]
[BlackElo "2270"]
[PlyCount "33"]
[EventDate "1998.??.??"]
[EventType "team-tourn"]
[EventRounds "9"]
[EventCountry "FIN"]
[SourceTitle "EXT 2000"]
[Source "ChessBase"]
[SourceDate "1999.11.16"]
[SourceVersion "1"]
[SourceVersionDate "1999.11.16"]
[SourceQuality "1"]
[WhiteTeam "Kuopio KSY"]
[BlackTeam "Vantaa EtVaS"]
[WhiteTeamCountry "FIN"]
[BlackTeamCountry "FIN"]

1. d4 e6 2. Nf3 Nf6 3. c4 d5 4. g3 dxc4 5. Qa4+ Nbd7 6. Qxc4 a6 7. Bg2 b5 8. Qc2 Bb7 9. 0-0 c5 10. a4 b4 11. Nbd2 Rc8 12. dxc5 Bxc5 13. Qd3 0-0 14. Nb3 Qb6 15. a5 Qa7 16. Nxc5 Nxc5 17. Qd4 1/2-1/2

[Event "FIN-chT 9798"]
[Site "Finland"]
[Date "1997.??.??"]
[Round "3"]
[White "Tikkanen, Kari"]
[Black "Keskisarja, Teemu"]
[Result "0-1"]
[WhiteElo "2300"]
[BlackElo "2315"]
[PlyCount "152"]
[EventDate "1997.??.??"]
[EventType "team"]
[EventRounds "9"]
[EventCountry "FIN"]
[SourceTitle "EXT 2000"]
[Source "ChessBase"]
[SourceDate "1999.11.16"]
[SourceVersion "1"]
[SourceVersionDate "1999.11.16"]
[SourceQuality "1"]

1. d4 Nf6 2. c4 e6 3. Nc3 Bb4 4. e3 c5 5. Nf3 Nc6 6. Bd3 Bxc3+ 7. bxc3 d6 8. e4 e5 9. d5 Ne7 10. Nh4 h6 11. g3 0-0 12. f3 Bd7 13. a4 Nh7 14. Nf5 Nxf5 15. exf5 a6 16. Qb3 Qc8 17. g4 Nf6 18. 0-0 b5 19. axb5 axb5 20. Rxa8 Qxa8 21. cxb5 Qxd5 22. Qxd5 Nxd5 23. c4 Nb6 24. Bb2 f6 25. Ra1 Rb8 26. Ra6 Be8 27. Bc3 Bf7 28. Ba5 Nxc4 29. Bc7 Rxb5 30. Ra8+ Kh7 31. Bxc4 Bxc4 32. Bxd6 Bd5 33. Ra7 Rb1+ 34. Kf2 Rb2+ 35. Kg3 Rb3 36. Bxc5 Bxf3 37. Ra3 Rb5 38. Bf8 Bb7 39. Ra7 Kg8 40. Ba3 Rb3+ 41. Kf2 e4 42. Bc1 Rf3+ 43. Kg1 Rb3 44. Kf2 Bc6 45. Rc7 Rf3+ 46. Kg1 Bb5 47. Bd2 e3 48. Ba5 Bf1 49. h4 e2 50. g5 hxg5 51. hxg5 Rxf5 52. g6 Rg5+ 53. Kf2 Rxg6 54. Rc8+ Kh7 55. Bb4 Rg2+ 56. Ke1 f5 57. Rf8 Kg6 58. Bd6 Rg4 59. Be5 Re4 60. Bc3 Rc4 61. Bd2 Re4 62. Bc3 Re7 63. Bb4 Rf7 64. Rxf7 Kxf7 65. Kf2 g5 66. Bd6 Ke6 67. Bc7 f4 68. Bb8 Kf5 69. Bc7 g4 70. Ba5 Ke4 71. Bb4 g3+ 72. Ke1 f3 73. Bc5 f2+ 74. Bxf2 gxf2+ 75. Kxf2 Kd3 76. Ke1 Bh3 0-1

[Event "FIN-chT 9697"]
[Site "Finland"]
[Date "1997.??.??"]
[Round "6.4"]
[White "Tikkanen, Kari"]
[Black "Koskinen, Henri"]
[Result "1/2-1/2"]
[WhiteElo "2265"]
[BlackElo "2230"]
[PlyCount "118"]
[EventDate "1996.??.??"]
[EventType "team"]
[EventRounds "9"]
[EventCountry "FIN"]
[SourceTitle "EXT 1999"]
[Source "ChessBase"]
[SourceDate "1998.11.16"]
[SourceVersion "1"]
[SourceVersionDate "1998.11.16"]
[SourceQuality "1"]

1. d4 d5 2. Nf3 c6 3. Bf4 Nf6 4. h3 Bf5 5. c3 e6 6. Nbd2 Bd6 7. Bxd6 Qxd6 8. e3 Nbd7 9. Qb3 b6 10. c4 0-0 11. Bd3 Bxd3 12. Qxd3 e5 13. dxe5 Nxe5 14. Nxe5 Qxe5 15. 0-0-0 a6 16. Kb1 b5 17. cxd5 Nxd5 18. Rc1 a5 19. Qd4 Qe6 20. Qe4 Qf6 21. Qf3 Qg6+ 22. e4 Rfd8 23. Nb3 Nb6 24. Rhd1 Nc4 25. Nd4 c5 26. Nf5 Qf6 27. Qe2 a4 28. Ne3 Nxe3 29. Qxe3 a3 30. Rxd8+ Rxd8 31. Qxa3 Qxf2 32. Qxc5 Qxg2 33. Qd4 Qg5 34. Qc5 Qf4 35. Qe7 Rf8 36. h4 h6 37. a3 Qd2 38. e5 Qd3+ 39. Ka1 Qd5 40. Rc7 Qd1+ 41. Ka2 Qd5+ 42. Ka1 b4 43. Qxb4 Qxe5 44. Qc4 Qf5 45. Rc5 Qf3 46. a4 Re8 47. Rc8 Rxc8 48. Qxc8+ Kh7 49. Qc2+ f5 50. Ka2 g5 51. hxg5 hxg5 52. Qc7+ Kg6 53. Qb6+ Kh5 54. a5 g4 55. a6 g3 56. Qb7 Qg4 57. a7 Qa4+ 58. Kb1 Qd1+ 59. Ka2 Qa4+ 1/2-1/2